Instruction for all students / (Record no. 49584)
| 000 -LEADER | |
|---|---|
| fixed length control field | 00340nam a2200121 4500 |
| 020 ## - INTERNATIONAL STANDARD BOOK NUMBER | |
| International Standard Book Number | 9780977779680 |
| 100 ## - MAIN ENTRY--PERSONAL NAME | |
| Personal name | Rutherford, Paula. |
| 9 (RLIN) | 86708 |
| 245 ## - TITLE STATEMENT | |
| Title | Instruction for all students / |
| Statement of responsibility, etc | Paula Rutherford. |
| 250 ## - EDITION STATEMENT | |
| Edition statement | 2nd; |
| 260 ## - PUBLICATION, DISTRIBUTION, ETC. (IMPRINT) | |
| Place of publication, distribution, etc | Alexandria, Virginia: |
| Name of publisher, distributor, etc | Just ASK Publications; |
| Date of publication, distribution, etc | 2008. |
| 300 ## - PHYSICAL DESCRIPTION | |
| Extent | 335 p. |
| Dimensions | 27 cm. |
| 942 ## - ADDED ENTRY ELEMENTS (KOHA) | |
| Source of classification or shelving scheme | |
| Koha item type | Teacher's Resources |
| Withdrawn status | Lost status | Source of classification or shelving scheme | Damaged status | Not for loan | Collection code | Home library | Current library | Shelving location | Date acquired | Full call number | Barcode | Date last seen | Price effective from | Koha item type |
|---|---|---|---|---|---|---|---|---|---|---|---|---|---|---|
| TEACHERS' RESOURCES | Asian Hope Secondary Library | Asian Hope Secondary Library | SECONDARY | 09/30/2025 | 371 RUT | 208710 | 09/30/2025 | 09/30/2025 | Teacher's Resources |